| 000 | 00381nam a2200145Ia 4500 | ||
|---|---|---|---|
| 008 | 151213s9999 xx 000 0 und d | ||
| 100 | _aSaymaur Liprchutz | ||
| 245 |
_aGeneral Topology _cSaymaur Liprchutz |
||
| 260 |
_aNew York _bTata Mc Grow Hill _c1995 |
||
| 300 | _a3189 p. | ||
| 650 | _aMathematics | ||
| 650 | _aMathematics | ||
| 700 | _aSaymaur Liprchutz | ||
| 999 |
_c2203 _d2203 |
||